| 000 | 00720nam a2200277Ia 4500 | ||
|---|---|---|---|
| 001 | 16402 | ||
| 003 | GE_BSU | ||
| 008 | 181216s||||||||xx |||||||||||||| ||und|| | ||
| 020 | _a9780521279451 | ||
| 040 | _cGE_BSU | ||
| 080 | _a811.111+34 | ||
| 100 | _aLindner , Amy Krois | ||
| 245 | _aInternational Legal English | ||
| 245 | 2 | _bA Course for Classroom Or Self-study Use | |
| 250 | _aSecond edition | ||
| 260 | _aCambridge | ||
| 260 | _bCambridge University Press | ||
| 260 | _c2015 | ||
| 300 | _a337p;26cm. | ||
| 300 | _b+2CD. | ||
| 541 | _h161gel. | ||
| 653 | _aCambridge professional English | ||
| 653 | _aInternational Legal English | ||
| 653 | _aინგლისური ენა | ||
| 942 | _cBK | ||
| 999 |
_c49478 _d49478 |
||